Voces del Universo

保存先:
書誌詳細
主要な著者: Schultz, Margarita (著者), Ruiz, María Teresa (著者)
フォーマット: 図書
言語:スペイン語
英語
出版事項: Santiago Ocho Libros 2009
主題:
タグ: タグ追加
タグなし, このレコードへの初めてのタグを付けませんか!

MARC

LEADER 00000cam a2200000 a 4500
001 UCF1991
003 CL-VaPUC
008 120802e20090000CL |||||||||||||||||spa|d
020 |a 9789568018986 
041 0 7 |a spa  |2 CL-VaPUC 
041 0 7 |a eng  |2 CL-VaPUC 
082 0 4 |a Ch861  |b SCH  |2 21 
100 0 |a Schultz, Margarita  |e author  |9 563573 
700 0 |a Ruiz, María Teresa  |e author  |9 563574 
245 1 0 |a Voces del Universo 
246 1 0 |a Voices from the Universe 
300 |a 91 p 
942 |c BK 
945 |d 20120802 00:00:00  |a dcastane 
260 |a Santiago  |b Ocho Libros  |c 2009 
650 0 |a Poesías chilenas   |9 265280 
650 0 |a Literatura chilena   |9 308278 
650 0 |a Astronomía  |9 260985 
650 0 |a Fotografía  |9 268495 
583 |a last modification  |c 20120802 10:35:00  |k Rodrigo Vera 
999 |c 348674  |d 348672 
952 |0 0  |1 0  |4 0  |6 CH_861_000000000000000_SCH_2009  |7 0  |8 A  |9 450807  |a BIBING  |b BIBING  |d 2019-11-22  |i 487272K  |o Ch861 SCH 2009  |p 487272K  |r 2025-01-20  |w 2019-11-22  |y BK  |k CUI